Federalisme di Malaysia

Bibliographic Details
Main Author: Shaikh Mohd Noor Alam bin S.M Hussain
Format: Book
Published: K.L. : DBP , 1988
Subjects:

MARC

LEADER 00000cam a2200000 7i4500
001 0000002983
002 000003229
005 20081105.0
020 |a 9836201254 
090 0 0 |a 320.9595   |b SHA 
100 0 |a Shaikh Mohd Noor Alam bin S.M Hussain 
245 1 0 |a Federalisme di Malaysia   |c Shaikh Mohd Noor Alam bin S.M Hussain 
260 |a K.L. :   |b DBP ,   |c 1988 
300 |a 141p. ;   |c 21cm. 
650 0 0 |a Federal government   |z Malaysia 
999 |a 036540   |b BUKU   |c MALAYSIANA   |e PERPUSTAKAAN KOMUNITI PETALING JAYA